000 00442nam a22001457a 4500
020 _qPB.
040 _cFizza Ishaq
082 _a174.915
_bMAT
100 _aCanter, B. Mathilda.
_9134242
245 _aEthics for Psychologists: A Commentary on the Apa Ethics Code /
_c Mathilda B. Canter.
250 _a1st Ed.
260 _aNew York :
_bAmer Psychological Assn
_c1994.
300 _a254 p, ;
_c7.25 x 0.75 x 10.25 inches
942 _2ddc
_cBK
999 _c617216
_d617216